[Event "Shiraz Farvardin op"]
[Site "Shiraz"]
[Date "2018.04.12"]
[Round "2"]
[White "Pourramezanali, Amirreza"]
[Black "Alavi, Hossein"]
[Result "1-0"]
[WhiteElo "2536"]
[BlackElo "1774"]
[PlyCount "37"]
[EventDate "2018.04.11"]
[EventType "swiss"]
[EventRounds "11"]
[EventCountry "IRI"]
[SourceTitle "CBM 187 Extra"]
[Source "ChessBase"]
[SourceDate "2018.11.04"]
[SourceVersion "1"]
[SourceVersionDate "2018.11.04"]
[SourceQuality "1"]

1. d4 Nf6 2. Nf3 d5 3. e3 c5 4. c3 e6 5. Nbd2 Nc6 6. Bd3 cxd4 7. exd4 Bd6 8. Qe2 Qc7 9. 0-0 0-0 10. Re1 Rb8 11. Ne5 b5 12. Ndf3 b4 13. Bg5 Ne8 14. Rac1 f6 15. Nxc6 Qxc6 16. cxb4 Qb6 17. Rxc8 Rxc8 18. Qxe6+ Kh8 19. Qxc8 1-0